<?xml version="1.0" encoding="UTF-8"?>
<record
    xmlns:xsi="http://www.w3.org/2001/XMLSchema-instance"
    xsi:schemaLocation="http://www.loc.gov/MARC21/slim http://www.loc.gov/standards/marcxml/schema/MARC21slim.xsd"
    xmlns="http://www.loc.gov/MARC21/slim">

  <leader>03241nam a22003737a 4500</leader>
  <datafield tag="999" ind1=" " ind2=" ">
    <subfield code="c">21799</subfield>
    <subfield code="d">21799</subfield>
  </datafield>
  <controlfield tag="003">AR-CdUCM</controlfield>
  <controlfield tag="008">190425b           ||||| |||| 00| 0 spa d</controlfield>
  <datafield tag="040" ind1=" " ind2=" ">
    <subfield code="a">MUNICIPALIDAD PROVINCIAL DEL CUSCO</subfield>
    <subfield code="c">BIBLIOTECA MUNICIPAL DEL CUSCO</subfield>
  </datafield>
  <datafield tag="082" ind1=" " ind2=" ">
    <subfield code="a">Rev.IAAC/N&#xB0;14/1994</subfield>
  </datafield>
  <datafield tag="110" ind1=" " ind2=" ">
    <subfield code="a">Instituto Americano de Arte del Cuzco</subfield>
    <subfield code="9">43770</subfield>
  </datafield>
  <datafield tag="245" ind1=" " ind2=" ">
    <subfield code="a">Revista del Instituto Americano de Arte /</subfield>
  </datafield>
  <datafield tag="260" ind1=" " ind2=" ">
    <subfield code="a">Cusco :</subfield>
    <subfield code="b">UNSAAC,</subfield>
    <subfield code="c">1995.</subfield>
  </datafield>
  <datafield tag="300" ind1=" " ind2=" ">
    <subfield code="a">293 p&#xE1;ginas. :</subfield>
    <subfield code="b">ilustraciones ;</subfield>
    <subfield code="c">20 cm.</subfield>
  </datafield>
  <datafield tag="440" ind1=" " ind2=" ">
    <subfield code="a">Revista del Instituto Americano de Arte Cuzco.</subfield>
    <subfield code="n">A&#xF1;o [XIV], [?] semestre de 1994, N&#xB0;14. Vol.[?]</subfield>
    <subfield code="9">46150</subfield>
  </datafield>
  <datafield tag="505" ind1=" " ind2=" ">
    <subfield code="a">Contenido: Cincuenta a&#xF1;os de cusque&#xF1;ismo. Miguel H. Milla. -- Humberto Vidal y su creaci&#xF3;n de las fiestas del Cusco. Julio A. Guti&#xE9;rrez Samanez. -- A los cincuenta a&#xF1;os del Inti Raymi. Manuel Aparicio. -- Las impulsoras del cusque&#xF1;ismo y del Inti Raymi. Tania Guti&#xE9;rrez Samanez. -- Qosqo grandeza de ayer, reflexiones de hoy. Lucio Vel&#xE1;squez Vel&#xE1;squez. -- Runa Simiwan harawi canto al lenguaje humano. Jos&#xE9; Arag&#xF3;n Aedo. -- El Cusco de ayer. Irma Aquise de Mu&#xF1;iz. -- Antolog&#xED;a de la m&#xFA;sica cusque&#xF1;a siglos XIX-XX. Eleodoro Justiniani Fl&#xF3;rez. -- La supuesta diarqu&#xED;a de los Incas. John Hwland Rowe. -- La coca en perspectiva hist&#xF3;rica. Patricia Lyon. -- La escritura de los antiguos peruanos. Humberto Covarrubias Campana. -- La iglesia de la Compa&#xF1;&#xED;a de Jes&#xFA;s una joya del barroco americano. Roberto Samanez Argumedo. -- Narciso Arestegu&#xED; y la novela del Padre Horan. Julio Miranda Bernal. -- El velorio del angelito. Mar&#xED;a del Carmen de Ferro. -- Mito y rito del ma&#xED;z en Yucay Urubamba. Demetrio Roca Wallparimachi. -- Pancho G&#xF3;mez Negr&#xF3;n y el folklore cusque&#xF1;o. Abraham Valencia Espinoza. -- Danzas folkloricas del Cuzco y la regi&#xF3;n Inka. Lizardo P&#xE9;rez Aran&#xED;bar. -- Intangibilidad del traje t&#xED;pico. Maximiliana Palomino de Sierra. -- Disoluci&#xF3;n y restituci&#xF3;n de la comunidad campesina de Harin. Jos&#xE9; Gonz&#xE1;les R&#xED;os. -- Riqueza y variedad de los patrones de alimentaci&#xF3;n de la cultura andina. Aurelio Carmona Cruz. -- El problema del indio y del indigenismo. Humberto Vidal Unda. -- Acuarelas e identidad cusque&#xF1;a. Josu&#xE9; Aguilar Meza. -- Notas para la historia del Turismo en el Cusco. Eldi Flores Najar. -- Un museo nacional para el Cusco. Manuel Ch&#xE1;vez Ball&#xF3;n. -- El Qosqo de Mart&#xED;n Chambi. -- El Qosqo en el lente de Mart&#xED;n Chambi, Jorge Flores Ochoa. -- Discursos necrol&#xF3;gicos en el sepelio de Julio G. Guti&#xE9;rrez. -- Actividades institucionales.</subfield>
  </datafield>
  <datafield tag="650" ind1=" " ind2=" ">
    <subfield code="a">Literatura cusque&#xF1;a</subfield>
    <subfield code="9">46110</subfield>
  </datafield>
  <datafield tag="650" ind1=" " ind2=" ">
    <subfield code="a">Poetas cusque&#xF1;os</subfield>
    <subfield code="9">5956</subfield>
  </datafield>
  <datafield tag="650" ind1=" " ind2=" ">
    <subfield code="a">Intelectuales cusque&#xF1;os</subfield>
    <subfield code="9">46142</subfield>
  </datafield>
  <datafield tag="650" ind1=" " ind2=" ">
    <subfield code="a">Fotograf&#xED;a cusque&#xF1;a</subfield>
    <subfield code="9">13442</subfield>
  </datafield>
  <datafield tag="650" ind1=" " ind2=" ">
    <subfield code="a">Mart&#xED;n Chambi</subfield>
    <subfield code="9">43908</subfield>
  </datafield>
  <datafield tag="650" ind1=" " ind2=" ">
    <subfield code="a">Arte popular</subfield>
    <subfield code="9">9558</subfield>
  </datafield>
  <datafield tag="650" ind1=" " ind2=" ">
    <subfield code="a">M&#xFA;sica cusque&#xF1;a</subfield>
    <subfield code="9">13074</subfield>
  </datafield>
  <datafield tag="650" ind1=" " ind2=" ">
    <subfield code="a">Arquitectura colonial</subfield>
    <subfield code="9">28957</subfield>
  </datafield>
  <datafield tag="650" ind1=" " ind2=" ">
    <subfield code="a">Templos coloniales</subfield>
    <subfield code="9">45765</subfield>
  </datafield>
  <datafield tag="700" ind1=" " ind2=" ">
    <subfield code="a">Flores Ochoa, Jorge</subfield>
    <subfield code="9">2915</subfield>
  </datafield>
  <datafield tag="700" ind1=" " ind2=" ">
    <subfield code="a">Guti&#xE9;rrez Samanez, Julio</subfield>
    <subfield code="9">46146</subfield>
  </datafield>
  <datafield tag="700" ind1=" " ind2=" ">
    <subfield code="a">Miranda Bernal, Julio</subfield>
    <subfield code="9">877</subfield>
  </datafield>
  <datafield tag="700" ind1=" " ind2=" ">
    <subfield code="a">Roca Wallparimachi, Demetrio</subfield>
    <subfield code="9">6182</subfield>
  </datafield>
  <datafield tag="700" ind1=" " ind2=" ">
    <subfield code="a">P&#xE9;rez Aran&#xED;bar, Lizardo</subfield>
    <subfield code="9">5568</subfield>
  </datafield>
  <datafield tag="700" ind1=" " ind2=" ">
    <subfield code="a">Carmona Cruz, Aurelio</subfield>
    <subfield code="9">46151</subfield>
  </datafield>
  <datafield tag="700" ind1=" " ind2=" ">
    <subfield code="a">Ch&#xE1;vez Ball&#xF3;n, Manuel</subfield>
    <subfield code="9">45977</subfield>
  </datafield>
  <datafield tag="942" ind1=" " ind2=" ">
    <subfield code="2">ddc</subfield>
    <subfield code="c">PP</subfield>
  </datafield>
  <datafield tag="945" ind1=" " ind2=" ">
    <subfield code="a">rac</subfield>
  </datafield>
  <datafield tag="952" ind1=" " ind2=" ">
    <subfield code="0">0</subfield>
    <subfield code="2">ddc</subfield>
    <subfield code="4">0</subfield>
    <subfield code="7">0</subfield>
    <subfield code="a">HEM</subfield>
    <subfield code="b">HEM</subfield>
    <subfield code="c">CART</subfield>
    <subfield code="d">2021-08-06</subfield>
    <subfield code="g">10.00</subfield>
    <subfield code="o">Rev.IAAC/N&#xB0;14/1994</subfield>
    <subfield code="p">REVC000249</subfield>
    <subfield code="r">2021-08-06</subfield>
    <subfield code="y">PP</subfield>
  </datafield>
  <datafield tag="952" ind1=" " ind2=" ">
    <subfield code="0">0</subfield>
    <subfield code="2">ddc</subfield>
    <subfield code="4">0</subfield>
    <subfield code="7">0</subfield>
    <subfield code="a">HEM</subfield>
    <subfield code="b">HEM</subfield>
    <subfield code="c">CART</subfield>
    <subfield code="d">2021-08-06</subfield>
    <subfield code="g">10.00</subfield>
    <subfield code="o">Rev.IAAC/N&#xB0;14/1994/e.2</subfield>
    <subfield code="p">REVC000250</subfield>
    <subfield code="r">2021-08-06</subfield>
    <subfield code="y">PP</subfield>
  </datafield>
  <datafield tag="952" ind1=" " ind2=" ">
    <subfield code="0">0</subfield>
    <subfield code="2">ddc</subfield>
    <subfield code="4">0</subfield>
    <subfield code="7">0</subfield>
    <subfield code="a">HEM</subfield>
    <subfield code="b">HEM</subfield>
    <subfield code="c">CART</subfield>
    <subfield code="d">2021-08-06</subfield>
    <subfield code="g">10.00</subfield>
    <subfield code="o">Rev.IAAC/N&#xB0;14/1994/e.3</subfield>
    <subfield code="p">REVC000251</subfield>
    <subfield code="r">2021-08-06</subfield>
    <subfield code="y">PP</subfield>
  </datafield>
  <datafield tag="952" ind1=" " ind2=" ">
    <subfield code="0">0</subfield>
    <subfield code="2">ddc</subfield>
    <subfield code="4">0</subfield>
    <subfield code="7">0</subfield>
    <subfield code="a">HEM</subfield>
    <subfield code="b">HEM</subfield>
    <subfield code="c">CART</subfield>
    <subfield code="d">2021-08-06</subfield>
    <subfield code="g">10.00</subfield>
    <subfield code="o">Rev.IAAC/N&#xB0;14/1994/e.4</subfield>
    <subfield code="p">REVC000252</subfield>
    <subfield code="r">2021-08-06</subfield>
    <subfield code="y">PP</subfield>
  </datafield>
</record>
